MARC

LEADER 00000nam0a2200000 4500
001 334194
005 20231102004629.0
010 |a 5865473352 
035 |a (RuTPU)RU\TPU\book\360223 
090 |a 334194 
100 |a 20170713d2004 m y0rusy50 ca 
101 0 |a rus 
102 |a RU 
105 |a a j 000zy 
200 1 |a Мы родом из сказки...  |e учебное пособие для иностранных студентов-филологов  |f Н. А. Маркина, Ю. Е. Прохоров 
210 |a Санкт-Петербург  |c Златоуст  |d 2004 
215 |a 107 с.  |c ил. 
606 1 |a Русский язык  |x Для других народов  |x Учебные руководства и пособия  |2 stltpush  |3 (RuTPU)RU\TPU\subj\26400  |9 50340 
610 1 |a лексика 
610 1 |a письменная речь 
610 1 |a русский язык для иностранцев 
610 1 |a русский язык как иностранный 
610 1 |a чтение 
610 1 |a упражнения 
686 |a Ш141.2-96  |v LBC/SL-A  |2 rubbk 
700 1 |a Маркина  |b Н. А. 
701 1 |a Прохоров  |b Ю. Е. 
801 1 |a RU  |b 63413507  |c 20170713 
801 2 |a RU  |b 63413507  |c 20221213  |g RCR 
942 |c BK